| 000 | 01158nam1a22003251i 4500 | ||
|---|---|---|---|
| 001 | v19\rc\1506306 | ||
| 005 | 20240726095814.0 | ||
| 035 | _a(NLR Aleph) 004687746 | ||
| 090 |
_a3893668 _c3893668 |
||
| 100 | _a20060620g18831884|||y0rusy50 ca | ||
| 101 | 0 | _arus | |
| 102 | _aRU | ||
| 105 | _a z ||||| | ||
| 200 | 1 |
_aРоссия Европейская и Азиатская _fЭлизе Реклю |
|
| 205 | _aС доп. и испр. Т. 1-2 | ||
| 210 |
_aСанкт-Петербург _cизд. картогр. заведения А. Ильина _d1883-1884 |
||
| 215 |
_a3 т. _d26 |
||
| 320 | _aБиблиогр. в примеч. | ||
| 700 | 1 |
_9z01790 _aРеклю _bЖ.Ж.Э. _f1830-1905 _gЖан Жак Элизе |
|
| 790 | 1 |
_9z01700 _aРеклю _bЭ. _f1830-1905 _gЭлизе |
|
| 801 | 0 |
_aRU _bNLR _gpsbo |
|
| 801 | 0 |
_aRU _bRuMoRGB _2psbo |
|
| 801 | 1 |
_aRU _bProSoft-M _2rusmarc |
|
| 852 |
_aNLR _jШифры разные |
||
| 899 | _aНБ СПбГУ (без доп.) | ||
| 899 | _aГПИБ (без доп.) | ||
| 899 | _aНБ МГУ (без доп.) | ||
| 899 |
_aRuMoRGB _jR 291/50 |
||
| 899 |
_aRuMoRGB _jR 39/224 (доп. к т. 1-2) |
||
| 942 | _cBOOK | ||